01573nab a22002777a 450000500170000000800410001704000250005804100080008304400070009111000480009824500790014626000810022530000420030650400280034850502780037652002820065465000250093665000400096165000220100165000230102370000340104670000300108070000300111070000290114077301260116920150806112125.0150806b1979 ck |||||r|||| 00| 0 spa d aCO-BoIAVHcCO-BoIAVH0 aspa ack1 aUniversidad del Tolimab, Grupo ecológico1 aLagunas, Ciénagas y playones / cEmilio Echeverri de la Roche... [et al]3 aIbagué (Colombia):bCentro de publicaciones Universidad del Tolima,c1979. aVol.3, Nro. 27, Año 1979, Pag. 1-2. aIncluye bibliografía. aEn la ciénaga Marañal [Boyacá]: una desecación criminal. La laguna de Sonso [Valle del Cauca]: Muere por sedimentación. En la ciénaga de Martiníca [Córdoba]: los propietarios sacrifican a la comunidad. Si muere la Ciénaga de Zapatosa... Muere Barranquilla aEl innegable y conocido el papel de los lagos, ciénagas, pantanos y playones en la regularización del volumen de aguas de los ríos, en la estabilización del clima, en las comunicaciones, en riqueza ícita, como zoocriaderos naturales y como retenedores de sedimientos. 6aCiénagaszColombia 6aEcología de ciénagas.zColombia 6aLagunaszColombia 4aPlayoneszColombia1 aEcheverry De La Roche, Emilio1 aGranados Díaz, Humberto1 aRamírez Cuervo, Libardo1 aSánchez M., Vicente A.0 aUniversidad del TolimadIbagué (Colombia): Centro de publicaciones de la Universidad del Tolima, 1977.tSOS ecológico